000 00247nam a2200097Ia 4500
001 709296
005 20250826162544.0
008 250824s9999 xx 000 0 und d
245 0 _aDÜNYA ONLARLA DAHA RENKLİ
_cKEMAL ÖZER
260 _bTUDEM YAYINLARI
999 _c709296
_d709296